[Event "AUT-chT 9596"]
[Site "Austria"]
[Date "1996.??.??"]
[Round "?"]
[White "Farago, Ivan"]
[Black "Jansa, Vlastimil"]
[Result "0-1"]
[WhiteElo "2525"]
[BlackElo "2500"]
[PlyCount "116"]
[EventDate "1995.??.??"]
[Source "ChessBase"]

1. d4 Nf6 2. c4 g6 3. Nc3 d5 4. Nf3 Bg7 5. Qb3 dxc4 6. Qxc4 O-O 7. e4 Bg4 8. Be3 Nfd7 9. Rd1 Nb6 10. Qb3 e6 11. Be2 Nc6 12. d5 exd5 13. exd5 Ne5 14. Nxe5 Bxe2 15. Nxe2 Bxe5 16. O-O Re8 17. g3 Qd7 18. Nc3 Qg4 19. Nb5 Qc4 20. d6 Bxd6 21. Nxd6 cxd6 22. Rxd6 Qxb3 23. axb3 Rad8 24. Rxd8 Rxd8 25. Ra1 Nc8 26. Rc1 Nb6 27. h4 h5 28. Kh2 Rd7 29. Rc5 Kg7 30. Re5 Nc8 31. Bc5 Nb6 32. Re8 Kf6 33. Kg2 Kg7 34. Kf3 f6 35. Ke4 Kf7 36. Rf8+ Kg7 37. Rb8 Kf7 38. f3 Rc7 39. Bxb6 axb6 40. Kd5 Rd7+ 41. Kc4 Ke6 42. Rg8 Kf5 43. g4+ hxg4 44. fxg4+ Kxg4 45. Rxg6+ Kf5 46. Rg2 Ke4 47. Re2+ Kf3 48. Re6 f5 49. h5 Kg4 50. Rh6 f4 51. Rf6 Kg5 52. Rf8 Rd6 53. Rf7 Kg4 54. Rh7 Rf6 55. h6 Kg5 56. Kd3 Rxh6 57. Rg7+ Rg6 58. Rxb7 Re6 0-1

[Event "CZE-ch"]
[Site "Opava"]
[Date "2000.05.27"]
[Round "6"]
[White "Babula, Vlastimil"]
[Black "Kalod, Radek"]
[Result "1/2-1/2"]
[WhiteElo "2573"]
[BlackElo "2445"]
[PlyCount "73"]
[EventDate "2000.05.22"]
[Source "ChessBase"]
[SourceDate "2000.07.11"]

1. d4 Nf6 2. c4 g6 3. Nc3 d5 4. Nf3 Bg7 5. Qb3 dxc4 6. Qxc4 O-O 7. e4 Bg4 8. Be3 Nfd7 9. Qb3 Nb6 10. Rd1 Nc6 11. d5 Ne5 12. Be2 Nxf3+ 13. gxf3 Bh5 14. Rg1 Qc8 15. Rg3 c6 16. a4 Qc7 17. Qa3 f5 18. dxc6 bxc6 19. a5 Nc8 20. Qc5 fxe4 21. Nb5 Qxa5+ 22. b4 Qa4 23. Bd4 cxb5 24. Bxb5 Qxd1+ 25. Kxd1 Rd8 26. Bc4+ Kh8 27. Bd5 Nb6 28. Rg5 Bxf3+ 29. Ke1 Rac8 30. Bxg7+ Kxg7 31. Qd4+ Kh6 32. Qd2 Kg7 33. Qb2+ Kh6 34. Qd2 Kg7 35. Qd4+ Kh6 36. Qe3 Kg7 37. Qd4+ 1/2-1/2

[Event "Corr"]
[Site "?"]
[Date "1998.??.??"]
[Round "?"]
[White "Lemke Hans Hermann"]
[Black "Gorokhovsky Boris M"]
[Result "1/2-1/2"]
[WhiteElo "2545"]
[BlackElo "2470"]
[PlyCount "44"]
[EventDate "1998.??.??"]
[Source "www.chesslib.no"]
[SourceDate "2004.05.04"]

1. Nf3 Nf6 2. d4 g6 3. c4 Bg7 4. Nc3 d5 5. Qb3 dxc4 6. Qxc4 O-O 7. e4 Bg4 8. Be3 Nfd7 9. Qb3 Nb6 10. Rd1 Nc6 11. d5 Ne5 12. Be2 Nxf3+ 13. gxf3 Bh5 14. Rg1 Qd7 15. Rg3 Kh8 16. Nb5 f5 17. Bd4 fxe4 18. Bxg7+ Kxg7 19. fxe4 Bxe2 20. Kxe2 c6 21. Qc3+ Kg8 22. dxc6 Qxc6 1/2-1/2

[Event "Vrsac"]
[Site "Vrsac"]
[Date "1981.??.??"]
[Round "2"]
[White "Rajkovic, Dusan"]
[Black "Smejkal, Jan"]
[Result "1/2-1/2"]
[WhiteElo "2470"]
[BlackElo "2540"]
[PlyCount "86"]
[EventDate "1981.09.??"]
[Source "ChessBase"]

1. d4 Nf6 2. c4 g6 3. Nc3 d5 4. Nf3 Bg7 5. Qa4+ Bd7 6. Qb3 dxc4 7. Qxc4 O-O 8. e4 Bg4 9. Be3 Nfd7 10. Qb3 Nb6 11. Rd1 e6 12. Be2 Nc6 13. e5 Ne7 14. O-O c6 15. h3 Bxf3 16. Bxf3 Nf5 17. Rfe1 Qe7 18. a4 Nxe3 19. Rxe3 Bh6 20. Red3 Nd5 21. Ne4 Rab8 22. g3 a5 23. Qa3 Nb4 24. Rc3 Rfd8 25. h4 Bg7 26. h5 b6 27. hxg6 hxg6 28. Rcc1 c5 29. dxc5 Bxe5 30. cxb6 Rxb6 31. Qe3 Rxd1+ 32. Rxd1 Rb8 33. Nc3 Bf6 34. Qe2 Kg7 35. Kg2 Rc8 36. Ne4 Rc2 37. Rd2 Rxd2 38. Qxd2 Be5 39. b3 Qc7 40. Be2 Nd5 41. f4 Ba1 42. Bc4 Qc6 43. Kh2 Nb4 1/2-1/2

[Event "Hradec Kralove"]
[Site "Hradec Kralove"]
[Date "1981.??.??"]
[Round "12"]
[White "Meduna, Eduard"]
[Black "Ftacnik, Lubomir"]
[Result "1/2-1/2"]
[WhiteElo "2485"]
[BlackElo "2525"]
[PlyCount "21"]
[EventDate "1981.10.??"]
[Source "ChessBase"]

1. d4 Nf6 2. c4 g6 3. Nc3 d5 4. Nf3 Bg7 5. Qb3 dxc4 6. Qxc4 O-O 7. e4 Bg4 8. Be3 Nfd7 9. Qb3 Nb6 10. Rd1 e6 11. Be2 1/2-1/2

[Event "HUN-ch"]
[Site "HUN"]
[Date "1992.??.??"]
[Round "7"]
[White "Farago, Ivan"]
[Black "Tolnai, Tibor"]
[Result "1-0"]
[WhiteElo "2510"]
[BlackElo "2495"]
[PlyCount "107"]
[EventDate "1992.12.??"]
[Source "ChessBase"]

1. d4 Nf6 2. c4 g6 3. Nc3 d5 4. Nf3 Bg7 5. Qb3 dxc4 6. Qxc4 O-O 7. e4 Bg4 8. Be3 Nfd7 9. Rd1 Nb6 10. Qb3 e6 11. Be2 Nc6 12. Ng1 Bxe2 13. Ngxe2 Qe7 14. O-O Na5 15. Qb5 Nac4 16. Bg5 f6 17. Bc1 e5 18. Qc5 Qf7 19. b3 Nd6 20. dxe5 fxe5 21. f3 Rad8 22. Be3 Rfe8 23. Nd5 Nxd5 24. Rxd5 Bf8 25. Qc3 c6 26. Rxe5 Nb5 27. Qa1 Rd3 28. Rxe8 Qxe8 29. Qc1 Qd7 30. Qc4+ Kh8 31. Bc1 Bg7 32. Qc2 a5 33. Kh1 Nc3 34. Nxc3 Bxc3 35. Bb2 Qd4 36. Bxc3 Rxc3 37. Qb2 Kg8 38. h3 Qd3 39. Rg1 Rc2 40. Qa3 b6 41. Qe7 h5 42. e5 Re2 43. Qe8+ Kg7 44. Qxc6 Qe3 45. Qf6+ Kh7 46. f4 Qe4 47. Qe7+ Kg8 48. Qg5 Rf2 49. Rd1 Rxf4 50. e6 Rf8 51. e7 Re8 52. Rd6 Kh7 53. Rxb6 h4 54. Kh2 1-0

[Event "JUG Ch"]
[Site "Borovo"]
[Date "1981.??.??"]
[Round "19"]
[White "Rajkovic, Dusan"]
[Black "Ivkov, Borislav"]
[Result "1/2-1/2"]
[WhiteElo "2465"]
[BlackElo "2540"]
[PlyCount "28"]
[EventDate "1981.03.??"]
[Source "www.chesslib.no"]
[SourceDate "2004.05.04"]

1. d4 Nf6 2. c4 g6 3. Nc3 d5 4. Nf3 Bg7 5. Qa4+ Bd7 6. Qb3 dxc4 7. Qxc4 O-O 8. e4 Bg4 9. Be3 Nfd7 10. Rd1 Nb6 11. Qb3 e6 12. Be2 Nc6 13. e5 Ne7 14. O-O a5 1/2-1/2

[Event "BL2-Nord 0203"]
[Site "?"]
[Date "2002.11.17"]
[Round "2.2"]
[White "Muse Mladen"]
[Black "Zezulkin Jurij"]
[Result "1-0"]
[WhiteElo "2474"]
[BlackElo "2524"]
[PlyCount "80"]
[EventDate "2002.??.??"]
[Source "www.chesslib.no"]
[SourceDate "2004.05.04"]

1. Nf3 Nf6 2. c4 g6 3. Nc3 d5 4. cxd5 Nxd5 5. Qa4+ Bd7 6. Qb3 Nb6 7. d4 Bg7 8. e4 Bg4 9. Be3 O-O 10. Rd1 Nc6 11. d5 Ne5 12. Be2 Nxf3+ 13. gxf3 Bh3 14. Rg1 Qc8 15. a4 c6 16. a5 Nd7 17. Rc1 Nf6 18. e5 Nd7 19. f4 cxd5 20. Nxd5 Qd8 21. Qxb7 Qxa5+ 22. b4 Qa3 23. Qa6 Qb2 24. Qa1 Qxa1 25. Rxa1 Nb6 26. Nxe7+ Kh8 27. Bf3 Rae8 28. Rxa7 Nc4 29. Bc5 Bh6 30. Bd5 Be6 31. Bxe6 fxe6 32. Nxg6+ hxg6 33. Rxg6 Bxf4 34. Bxf8 Rxf8 35. Rf6 Bd2+ 36. Ke2 Rd8 37. Rxe6 Bf4 38. Rae7 Rd2+ 39. Kf3 Bg5 40. Rc7 Rd8 1-0

[Event "TCh-AUT"]
[Site "Graz"]
[Date "2004.11.19"]
[Round "1"]
[White "Babula, Vlastimil"]
[Black "Fogarasi, Tibor"]
[Result "1/2-1/2"]
[WhiteElo "2571"]
[BlackElo "2425"]
[PlyCount "68"]
[EventDate "2004.11.19"]
[Source "Roberto Alvarez"]
[SourceDate "2004.11.22"]

1. d4 Nf6 2. c4 g6 3. Nc3 d5 4. Nf3 Bg7 5. Qb3 dxc4 6. Qxc4 O-O 7. e4 Bg4 8. Be3 Nfd7 9. Rd1 Nb6 10. Qb3 e6 11. Be2 Nc6 12. Ng1 Bxe2 13. Ngxe2 Qe7 14. O-O Rfd8 15. a3 h6 16. e5 Qd7 17. Ne4 Qd5 18. Qc2 Qc4 19. N2c3 Nd5 20. b3 Qa6 21. Nc5 Qxa3 22. Nxb7 Ncb4 23. Qd2 Nxc3 24. Qxc3 Nd5 25. Qc6 Re8 26. Nc5 Qb4 27. Ra1 a5 28. Rfc1 Bf8 29. Rc4 Qb8 30. Bd2 Bxc5 31. Rxc5 Qxb3 32. Rcxa5 Rab8 33. Bxh6 Qd3 34. Re1 Qxd4 1/2-1/2

[Event "Baku AZE"]
[Site "Baku AZE"]
[Date "1980.??.??"]
[Round "?"]
[White "Grigoryan, Karen A"]
[Black "Torre, Eugenio"]
[Result "1-0"]
[WhiteElo "2475"]
[BlackElo "2520"]
[PlyCount "83"]
[EventDate "1980.??.??"]
[Source "www.chesslib.no"]
[SourceDate "2004.05.04"]

1. d4 Nf6 2. c4 g6 3. Nc3 d5 4. Nf3 Bg7 5. Qb3 dxc4 6. Qxc4 O-O 7. e4 Bg4 8. Be3 Nfd7 9. Qb3 Nb6 10. Rd1 e6 11. Be2 Nc6 12. e5 a5 13. h3 a4 14. Qc2 Bxf3 15. Bxf3 a3 16. Bxc6 bxc6 17. b3 Nd5 18. O-O c5 19. Nxd5 Qxd5 20. Qxc5 Qxc5 21. dxc5 Bxe5 22. f4 Bf6 23. Rd7 c6 24. Rfd1 Rfd8 25. Kf2 Rxd7 26. Rxd7 Rb8 27. Ra7 Bb2 28. Ke2 Kg7 29. g4 h6 30. h4 Kf6 31. Ra6 Rc8 32. Ra7 Rb8 33. Kf3 Rd8 34. g5+ hxg5 35. hxg5+ Kg7 36. Rc7 Rd3 37. Ke4 Rxb3 38. Rxc6 Rb4+ 39. Kd3 Kf8 40. Rb6 Ra4 41. Rb8+ Ke7 42. Rb7+ 1-0

[Event "Balatonbereny GM"]
[Site "Balatonbereny"]
[Date "1997.??.??"]
[Round "11"]
[White "Dumitrache, Dragos"]
[Black "Gyimesi, Zoltan"]
[Result "1/2-1/2"]
[WhiteElo "2495"]
[BlackElo "2500"]
[PlyCount "42"]
[EventDate "1997.??.??"]
[Source "www.chesslib.no"]
[SourceDate "2004.05.04"]

1. d4 Nf6 2. c4 g6 3. Nc3 d5 4. Nf3 Bg7 5. Qb3 dxc4 6. Qxc4 O-O 7. e4 Bg4 8. Be3 Nfd7 9. Qb3 Nb6 10. Rd1 Bxf3 11. gxf3 e6 12. h4 Nc6 13. e5 h5 14. Bg2 Ne7 15. Bg5 Qd7 16. f4 c6 17. Ne4 Qc7 18. Bf3 Nbd5 19. Rd2 Nf5 20. Rg1 Rfd8 21. Bxd8 Rxd8 1/2-1/2

[Event "New York Kavkasian"]
[Site "New York"]
[Date "1983.??.??"]
[Round "?"]
[White "Bass, Leonid"]
[Black "Henley, Ron W"]
[Result "0-1"]
[WhiteElo "2460"]
[BlackElo "2525"]
[PlyCount "106"]
[EventDate "1983.09.??"]
[Source "ChessBase"]

1. d4 Nf6 2. c4 g6 3. Nc3 d5 4. Nf3 Bg7 5. Qb3 dxc4 6. Qxc4 O-O 7. e4 Bg4 8. Be3 Nfd7 9. Qb3 Nb6 10. Rd1 c6 11. Be2 Na6 12. O-O Qd6 13. a3 Nc7 14. a4 Be6 15. Qc2 Qb4 16. Ra1 a5 17. d5 cxd5 18. Na2 Qxb2 19. Qxb2 Bxb2 20. Bxb6 Bxa1 21. Rxa1 dxe4 22. Nd4 Nd5 23. Nxe6 fxe6 24. Bd4 Rac8 25. Nc1 Rc2 26. Bb5 Rf5 27. Nb3 e5 28. Be3 Nxe3 29. fxe3 Rff2 30. Bf1 b6 31. Re1 Rb2 32. Nc1 Rfc2 33. Ne2 Ra2 34. Rb1 Rxe2 35. Bxe2 Rxe2 36. Rxb6 Ra2 37. Re6 Kf7 38. Rxe5 Rxa4 39. Kf2 Kf6 40. Rb5 Ra2+ 41. Kg3 g5 42. h4 gxh4+ 43. Kf4 Rxg2 44. Rxa5 Kg6 45. Ra6+ Kh5 46. Ra5+ Kh6 47. Kxe4 Rf2 48. Ke5 h3 49. Ke6 h2 50. Ra1 Re2 51. Kxe7 Rxe3+ 52. Kf6 Rf3+ 53. Ke5 Rh3 0-1

[Event "WICC qual Dubai sf 25'+10"]
[Site "?"]
[Date "2001.10.04"]
[Round "8"]
[White "Shipov Sergei"]
[Black "Sarthou Gaetan"]
[Result "1-0"]
[WhiteElo "2625"]
[BlackElo "2357"]
[PlyCount "101"]
[EventDate "2001.??.??"]
[Source "www.chesslib.no"]
[SourceDate "2004.05.04"]

1. d4 Nf6 2. c4 g6 3. Nc3 d5 4. Nf3 Bg7 5. Qa4+ Bd7 6. Qb3 dxc4 7. Qxc4 O-O 8. e4 Bg4 9. Be3 Nfd7 10. Qb3 c5 11. d5 Na6 12. Nd2 e6 13. Bc4 exd5 14. Bxd5 Nb4 15. O-O Nxd5 16. exd5 Qb6 17. Nde4 f5 18. Ng5 Qxb3 19. axb3 f4 20. Bd2 f3 21. g3 Rfe8 22. h3 Bf5 23. g4 Bc2 24. Ne6 Be5 25. Bf4 Bxf4 26. Nxf4 a6 27. Ne6 Rac8 28. Rfe1 Bxb3 29. Ra3 Bc2 30. Kh2 h6 31. Kg3 g5 32. Raa1 Nf6 33. Re5 Kf7 34. Kxf3 Bb3 35. Rae1 Nxd5 36. Nxd5 Bxd5+ 37. Rxd5 Rxe6 38. Rd7+ Kf6 39. Rxe6+ Kxe6 40. Rxb7 Ke5 41. Rb6 c4 42. Kg3 Ke4 43. Rxh6 Rb8 44. f3+ Kd3 45. f4 Rxb2 46. Rxa6 c3 47. fxg5 c2 48. Rd6+ Ke2 49. Rc6 Kd2 50. Kh4 Rb6 51. Rc5 1-0

[Event "KB Czech Open"]
[Site "Pardubice"]
[Date "2003.07.22"]
[Round "5"]
[White "Gyimesi, Zoltan"]
[Black "Konopka, Michal"]
[Result "1/2-1/2"]
[WhiteElo "2553"]
[BlackElo "2428"]
[PlyCount "110"]
[EventDate "2003.07.18"]
[Source "Roberto Alvarez"]
[SourceDate "2003.07.21"]

1. d4 Nf6 2. c4 g6 3. Nc3 d5 4. Nf3 Bg7 5. Qb3 dxc4 6. Qxc4 O-O 7. e4 Bg4 8. Be3 Nfd7 9. Rd1 Nb6 10. Qb3 e6 11. Be2 Nc6 12. Ng1 Bxe2 13. Ngxe2 Qe7 14. O-O Rfd8 15. a3 h6 16. Rfe1 Na5 17. Qc2 Nac4 18. Bc1 c5 19. d5 e5 20. b3 Nd6 21. a4 Rac8 22. Be3 f5 23. f3 Nd7 24. Nb5 f4 25. Bf2 Nxb5 26. axb5 Nf6 27. Qc4 b6 28. g3 fxg3 29. hxg3 Kh7 30. Kg2 Ne8 31. Rh1 Nd6 32. Qa4 Kg8 33. g4 Qe8 34. Nc3 Rd7 35. Be3 Qf8 36. Rh3 Rf7 37. Rdh1 g5 38. Qa1 Rcc7 39. Qc1 Rf6 40. Qd2 Rg6 41. Ra1 Rf6 42. Rah1 Rg6 43. Qe2 Rf6 44. Rf1 Rcf7 45. Bg1 Qe8 46. Bh2 Re7 47. Bg3 Rff7 48. Rhh1 Rf6 49. Rf2 Rf8 50. Qe3 Rc7 51. Ra1 Rff7 52. Rfa2 Rfe7 53. Rd2 Rf7 54. Ra4 Bf6 55. Ra1 Bg7 1/2-1/2

[Event "Altensteig"]
[Site "?"]
[Date "1990.??.??"]
[Round "?"]
[White "Mohr, S."]
[Black "Smejkal, J."]
[Result "0-1"]
[WhiteElo "2430"]
[BlackElo "2545"]
[PlyCount "58"]
[EventDate "1990.??.??"]
[Source "ChessBase"]
[SourceDate "1990.07.01"]

1. d4 Nf6 2. c4 g6 3. Nc3 d5 4. Nf3 Bg7 5. Qb3 dxc4 6. Qxc4 O-O 7. e4 Bg4 8. Be3 Nfd7 9. Qb3 Nb6 10. Rd1 Nc6 11. d5 Ne5 12. Be2 Nxf3+ 13. gxf3 Bh5 14. Rg1 Qd7 15. Rg3 Kh8 16. Nb5 f5 17. Bd4 fxe4 18. Bxg7+ Kxg7 19. Nd4 exf3 20. Ne6+ Kg8 21. Bxf3 Bxf3 22. Rxf3 Rf6 23. Nc5 Qd6 24. Nxb7 Rxf3 25. Qxf3 Qxh2 26. Qe3 Rf8 27. Na5 Rf6 28. Nc6 Nc4 29. Qd4 Rf4 0-1

[Event "Jerusalem"]
[Site "?"]
[Date "1986.??.??"]
[Round "?"]
[White "Sosonko, G."]
[Black "Birnboim, N."]
[Result "1/2-1/2"]
[WhiteElo "2530"]
[BlackElo "2445"]
[PlyCount "55"]
[EventDate "1986.??.??"]
[Source "ChessBase"]
[SourceDate "1987.01.01"]

1. d4 Nf6 2. c4 g6 3. Nc3 d5 4. Nf3 Bg7 5. Qb3 dxc4 6. Qxc4 O-O 7. e4 Bg4 8. Be3 Nfd7 9. Qb3 Nb6 10. Rd1 e6 11. Be2 Nc6 12. Ng1 Bxe2 13. Ngxe2 Qe7 14. O-O Na5 15. Qc2 Nac4 16. Bc1 c5 17. d5 e5 18. Na4 Nd6 19. Nxc5 Rfc8 20. b4 a5 21. a3 Nd7 22. Qd3 Nxc5 23. bxc5 Rxc5 24. a4 Rc4 25. Ba3 Rxa4 26. Rb1 Bf8 27. Bc5 b5 28. Rxb5 1/2-1/2

[Event "Reti mem"]
[Site "Trnava"]
[Date "1982.??.??"]
[Round "7"]
[White "Meduna, Eduard"]
[Black "Jansa, Vlastimil"]
[Result "1-0"]
[WhiteElo "2490"]
[BlackElo "2475"]
[PlyCount "135"]
[EventDate "1982.03.??"]
[Source "ChessBase"]

1. d4 Nf6 2. c4 g6 3. Nc3 d5 4. Nf3 Bg7 5. Qb3 dxc4 6. Qxc4 O-O 7. e4 Bg4 8. Be3 Nfd7 9. Qb3 Nb6 10. Rd1 e6 11. Be2 Nc6 12. Ng1 Bxe2 13. Ngxe2 Qe7 14. O-O Rfd8 15. a3 h6 16. Na4 Na5 17. Qc2 Nac4 18. Bc1 Nxa4 19. Qxa4 Nb6 20. Qb3 Qd7 21. Bf4 Rac8 22. Rc1 Kh7 23. Rfd1 c6 24. a4 c5 25. a5 Qa4 26. Qf3 Qxa5 27. Bxh6 cxd4 28. Ra1 Qh5 29. Bxg7 Qxf3 30. gxf3 Kxg7 31. Nxd4 a6 32. b4 Rd7 33. Nb3 Rc4 34. Nc5 Rxd1+ 35. Rxd1 Rxb4 36. Nxb7 Nc4 37. Nd6 Nxd6 38. Rxd6 a5 39. Ra6 a4 40. Kg2 Kf6 41. Ra7 Ke5 42. Rd7 a3 43. Ra7 Rb3 44. Ra4 Kd6 45. f4 Kc5 46. f5 Kb5 47. Ra7 Kb6 48. Ra8 Rc3 49. h4 e5 50. f3 Rc2+ 51. Kg3 a2 52. f4 exf4+ 53. Kxf4 Kb5 54. Kg5 gxf5 55. exf5 Kb4 56. Kf6 Rf2 57. h5 Kb3 58. h6 Rf4 59. Rxa2 Kxa2 60. h7 Rh4 61. Kg7 Rg4+ 62. Kxf7 Rh4 63. Kg6 Rg4+ 64. Kh5 Rg1 65. f6 Rh1+ 66. Kg6 Rg1+ 67. Kf5 Rf1+ 68. Kg4 1-0

[Event "Europa ch 2008"]
[Site "Plovdiv BUL"]
[Date "2008.04.24"]
[Round "4.67"]
[White "Buhmann, Rainer"]
[Black "Bykhovsky, Anatoly"]
[Result "1-0"]
[WhiteElo "2569"]
[BlackElo "2394"]
[PlyCount "57"]
[EventDate "2008.04.21"]
[Source "www.chesslib.no"]
[SourceDate "2004.05.04"]

1. Nf3 Nf6 2. c4 g6 3. Nc3 d5 4. cxd5 Nxd5 5. Qb3 Nb6 6. d4 Bg7 7. e4 O-O 8. Be3 Bg4 9. Rd1 Nc6 10. d5 Ne5 11. Be2 Bxf3 12. gxf3 Qc8 13. h4 c6 14. h5 cxd5 15. Nxd5 Nxd5 16. Rxd5 e6 17. Rc5 Qd7 18. hxg6 hxg6 19. Kf1 Rfc8 20. Rxc8+ Rxc8 21. Kg2 Nc6 22. Rd1 Nd4 23. Bxd4 Bxd4 24. e5 Qd8 25. f4 Qb6 26. Qh3 Bc5 27. Rh1 Kf8 28. Qh8+ Ke7 29. Qxc8 1-0

[Event "Ubeda op"]
[Site "Ubeda"]
[Date "1999.01.21"]
[Round "2"]
[White "Kazhgaleyev, Murtas"]
[Black "Konguvel, Ponnuswamy"]
[Result "1-0"]
[WhiteElo "2550"]
[BlackElo "2410"]
[PlyCount "65"]
[EventDate "1999.01.??"]
[Source "ChessBase"]
[SourceDate "1999.03.01"]

1. d4 Nf6 2. c4 g6 3. Nc3 d5 4. Nf3 Bg7 5. Qb3 dxc4 6. Qxc4 O-O 7. e4 Bg4 8. Be3 Nfd7 9. Qb3 Nb6 10. Rd1 Nc6 11. d5 Ne5 12. Be2 Nxf3+ 13. gxf3 Bh5 14. Rg1 Qc8 15. Rg3 c6 16. a4 Qc7 17. a5 Nd7 18. Qa3 c5 19. f4 Bxe2 20. Kxe2 f5 21. e5 Nxe5 22. d6 exd6 23. fxe5 Bxe5 24. f4 Bg7 25. Nb5 Qe7 26. Nxd6 Bd4 27. Kf1 Rad8 28. Qb3+ Kh8 29. Rxd4 Rxd6 30. Rxd6 Qxd6 31. Qc3+ Kg8 32. Bxc5 Qxf4+ 33. Rf3 1-0

[Event "Yerevan"]
[Site "Yerevan"]
[Date "1984.??.??"]
[Round "?"]
[White "Petrosian, Arshak B"]
[Black "Tseshkovsky, Vitaly"]
[Result "1-0"]
[WhiteElo "2470"]
[BlackElo "2490"]
[PlyCount "82"]
[EventDate "1984.10.??"]
[Source "ChessBase"]

1. d4 Nf6 2. c4 g6 3. Nc3 d5 4. Nf3 Bg7 5. Qb3 dxc4 6. Qxc4 O-O 7. e4 Bg4 8. Be3 Nfd7 9. Rd1 Nb6 10. Qb3 Nc6 11. d5 Ne5 12. Be2 Nxf3+ 13. gxf3 Bh5 14. Rg1 Qc8 15. Rg3 c6 16. a4 Be5 17. a5 Nd7 18. dxc6 bxc6 19. f4 Bxc3+ 20. Qxc3 Bxe2 21. Kxe2 Nf6 22. Qe5 Re8 23. Bd4 Rb8 24. Bc3 Rb5 25. Qd4 Qe6 26. Kf3 Rbb8 27. Qe5 Qb3 28. Rd2 Rb4 29. Rd4 Rb5 30. Qc7 Qe6 31. f5 Qc8 32. Qxc8 Rxc8 33. h4 Kf8 34. fxg6 hxg6 35. Rg5 Ke8 36. Rc4 Kd7 37. Rxb5 cxb5 38. Rxc8 Kxc8 39. Kf4 a6 40. Bxf6 exf6 41. e5 Kd7 1-0

[Event "RUS-Cup"]
[Site "Nizhnij Novgorod"]
[Date "1999.??.??"]
[Round "6"]
[White "Djachkov, Sergej"]
[Black "Neverov, Valeriy"]
[Result "1-0"]
[WhiteElo "2430"]
[BlackElo "2528"]
[PlyCount "79"]
[EventDate "1999.??.??"]
[Source "www.chesslib.no"]
[SourceDate "2004.05.04"]

1. d4 Nf6 2. c4 g6 3. Nc3 d5 4. Nf3 Bg7 5. Qb3 dxc4 6. Qxc4 O-O 7. e4 Bg4 8. Be3 Nfd7 9. Rd1 Nb6 10. Qb3 Bxf3 11. gxf3 e6 12. d5 Qf6 13. dxe6 Qxf3 14. exf7+ Kh8 15. Rg1 Nc6 16. h4 Ne5 17. Be2 Qh3 18. h5 Rxf7 19. hxg6 Rf3 20. Bxf3 Nxf3+ 21. Ke2 Qh5 22. Kd3 Nxg1 23. Rxg1 Rd8+ 24. Kc2 hxg6 25. Qf7 Rd6 26. Rg5 Qh1 27. Rxg6 Rxg6 28. Qxg6 Nc4 29. Bd4 Bxd4 30. Qe8+ Kh7 31. Qf7+ Bg7 32. Qxc4 c6 33. Qf7 Qh2 34. Kb3 b6 35. f4 Qd2 36. e5 Qd4 37. e6 Qf6 38. Qxf6 Bxf6 39. Ne4 Bd8 40. f5 1-0

[Event "EU-chT (Men)"]
[Site "Haifa"]
[Date "1989.??.??"]
[Round "4"]
[White "Eingorn, Vereslav S"]
[Black "Birnboim, Nathan"]
[Result "1-0"]
[WhiteElo "2560"]
[BlackElo "2395"]
[PlyCount "81"]
[EventDate "1989.11.??"]
[Source "ChessBase"]

1. Nf3 Nf6 2. c4 g6 3. Nc3 d5 4. d4 Bg7 5. Qb3 dxc4 6. Qxc4 O-O 7. e4 Bg4 8. Be3 Nfd7 9. Qb3 Nb6 10. Rd1 e6 11. Be2 Nc6 12. Ng1 Bxe2 13. Ngxe2 Qe7 14. O-O Na5 15. Qb5 Nc6 16. d5 a6 17. Qc5 exd5 18. exd5 Nd7 19. Qc4 Nce5 20. Qxc7 b5 21. d6 Qh4 22. Nd5 Rfe8 23. Ne7+ Rxe7 24. dxe7 Nf3+ 25. gxf3 Be5 26. Ng3 Bxc7 27. Rxd7 Be5 28. Re1 Re8 29. Bc5 f6 30. Red1 Kf7 31. Ra7 Qf4 32. Kg2 h5 33. Rd8 h4 34. Raa8 Rxe7 35. Rf8+ Kg7 36. Bxe7 hxg3 37. hxg3 Qd2 38. Bc5 Bd4 39. Ra7+ Kh6 40. Bxd4 Qxd4 41. Rxa6 1-0

[Event "Sarajevo"]
[Site "Sarajevo"]
[Date "1983.??.??"]
[Round "?"]
[White "Kelecevic, Nedeljko"]
[Black "Smejkal, Jan"]
[Result "1/2-1/2"]
[WhiteElo "2395"]
[BlackElo "2560"]
[PlyCount "28"]
[EventDate "1983.03.??"]
[Source "ChessBase"]

1. d4 Nf6 2. c4 g6 3. Nc3 d5 4. Nf3 Bg7 5. Qb3 dxc4 6. Qxc4 O-O 7. e4 Bg4 8. Be3 Nfd7 9. Qb3 Nb6 10. Rd1 e6 11. Be2 Nc6 12. Ng1 Bxe2 13. Ngxe2 Qe7 14. O-O Rfd8 1/2-1/2

[Event "Tungsram"]
[Site "Budapest"]
[Date "1977.??.??"]
[Round "?"]
[White "Ree, Hans"]
[Black "Schmidt, Wlodzimierz"]
[Result "1-0"]
[WhiteElo "2460"]
[BlackElo "2490"]
[PlyCount "78"]
[EventDate "1977.08.??"]
[Source "ChessBase"]

1. d4 Nf6 2. c4 g6 3. Nc3 d5 4. Nf3 Bg7 5. Qb3 dxc4 6. Qxc4 O-O 7. e4 Bg4 8. Be3 Nfd7 9. Qb3 Nb6 10. Rd1 Nc6 11. d5 Ne5 12. Be2 Nxf3+ 13. gxf3 Bh5 14. h4 Qd7 15. a4 a5 16. Nb5 Nc8 17. f4 Bxe2 18. Kxe2 Nd6 19. e5 Nxb5 20. Qxb5 Qf5 21. h5 c6 22. Qd3 Qxd3+ 23. Rxd3 f6 24. hxg6 hxg6 25. e6 f5 26. Rg1 cxd5 27. Rxg6 Kh7 28. Rg1 Rf6 29. Rxd5 Rxe6 30. Rxf5 Rf8 31. Rh5+ Rh6 32. Rxa5 Bxb2 33. Rb1 Bf6 34. Rxb7 Rc8 35. Rc5 Ra8 36. a5 Rh1 37. Rc6 Kg7 38. a6 Ra1 39. a7 Ra2+ 1-0

[Event "Luzern ol (Men)"]
[Site "Lucerne SUI"]
[Date "1982.??.??"]
[Round "3"]
[White "Santos, Jose P"]
[Black "Smejkal, Jan"]
[Result "0-1"]
[WhiteElo "2365"]
[BlackElo "2570"]
[PlyCount "84"]
[EventDate "1982.10.??"]
[Source "www.chesslib.no"]
[SourceDate "2004.05.04"]

1. d4 Nf6 2. c4 g6 3. Nc3 d5 4. Nf3 Bg7 5. Qb3 dxc4 6. Qxc4 O-O 7. e4 Bg4 8. Be3 Nfd7 9. Qb3 Nb6 10. Rd1 e6 11. Be2 Nc6 12. e5 Ne7 13. O-O c6 14. Ne4 Qd5 15. Qxd5 Nbxd5 16. Bg5 h6 17. Bxe7 Nxe7 18. h3 Bxf3 19. Bxf3 Rfd8 20. Nd6 Rd7 21. Rd3 Nf5 22. Nxf5 gxf5 23. Re1 Rad8 24. Rb3 Rc7 25. Rb4 Bf8 26. Rc4 Rcd7 27. Rd1 Bg7 28. Rb1 Rxd4 29. Rxd4 Rxd4 30. Rd1 Bxe5 31. Rxd4 Bxd4 32. b4 a6 33. a4 Kf8 34. b5 cxb5 35. axb5 a5 36. Bd1 Ke7 37. Kf1 Kd6 38. Ke2 Kc5 39. f4 Kxb5 40. Kd3 Kc5 41. Bh5 f6 42. Bf7 e5 0-1

[Event "Amsterdam II"]
[Site "?"]
[Date "1987.??.??"]
[Round "?"]
[White "Dlugy, M."]
[Black "Peelen, P."]
[Result "1-0"]
[WhiteElo "2545"]
[BlackElo "2385"]
[PlyCount "115"]
[EventDate "1987.??.??"]
[Source "ChessBase"]
[SourceDate "1987.07.01"]

1. d4 Nf6 2. c4 g6 3. Nc3 d5 4. Nf3 Bg7 5. Qb3 dxc4 6. Qxc4 O-O 7. e4 Bg4 8. Be3 Nfd7 9. Qb3 Nb6 10. Rd1 Nc6 11. d5 Ne5 12. Be2 Nxf3+ 13. gxf3 Bh5 14. Rg1 Qd7 15. Rg3 c6 16. dxc6 Qxc6 17. Nb5 Rfc8 18. Nxa7 Rxa7 19. Bxb6 Raa8 20. Rg5 Qf6 21. Rc5 Qxb2 22. Qxb2 Bxb2 23. Rxc8+ Rxc8 24. Rd7 Rc1+ 25. Kd2 Ra1 26. Bc4 Bf6 27. Ke2 Rb1 28. Rxb7 Rb4 29. Bd5 Rb2+ 30. Ke3 e6 31. Bc4 Rb4 32. Ba6 Ra4 33. Bc5 Kg7 34. Bb5 Rxa2 35. Bc4 Rc2 36. Bxe6 Rc3+ 37. Kd2 g5 38. Be3 Rc6 39. Bd5 Rc8 40. f4 gxf4 41. Bxf4 Re8 42. Bd6 Bg6 43. f3 Be5 44. Bxe5+ Rxe5 45. h3 Rh5 46. f4 Rxh3 47. f5 Bh5 48. e5 Rh2+ 49. Kd3 Kf8 50. f6 Ke8 51. Re7+ Kd8 52. Bxf7 Rh3+ 53. Kd4 Rh4+ 54. Kc5 Bxf7 55. Rxf7 Ke8 56. Ra7 Re4 57. Kd5 Rb4 58. e6 1-0

[Event "Cannes op2"]
[Site "Cannes FRA"]
[Date "1993.??.??"]
[Round "?"]
[White "Legky, Nikolay A"]
[Black "Sanchez Almeyra, Jorge"]
[Result "1-0"]
[WhiteElo "2510"]
[BlackElo "2415"]
[PlyCount "55"]
[EventDate "1993.??.??"]
[Source "www.chesslib.no"]
[SourceDate "2004.05.04"]

1. d4 Nf6 2. Nf3 g6 3. c4 Bg7 4. Nc3 d5 5. Qb3 dxc4 6. Qxc4 O-O 7. e4 Bg4 8. Be3 Nfd7 9. Qb3 Nb6 10. Rd1 Nc6 11. d5 Ne5 12. Be2 Nxf3+ 13. gxf3 Bh5 14. Rg1 Qc8 15. Rg3 c6 16. dxc6 bxc6 17. Rc1 Qd7 18. f4 Bxe2 19. Nxe2 Rfd8 20. f5 Rab8 21. fxg6 Nd5 22. gxf7+ Kh8 23. Qd3 Nxe3 24. f8=Q+ Bxf8 25. Qxe3 Bg7 26. b3 Rb5 27. f4 Ra5 28. Rxg7 1-0